Vysoké školy v Pláne obnovy a odolnosti

Plán obnovy a odolnosti ako spoločná reakcia krajín EÚ na negatívne ekonomické a sociálne dôsledky pandémie Covid -19. Rôzne prekážky a problémy pri implemetnácii projektu v rámci VŠ v SR. Výzva pre zavedenie systému periodického hodnotenia VŠ. Poukázanie na potrebu internacionalizácie.

Salvato in:
Dettagli Bibliografici
Autore principale: Bobáková, Viktória
Natura: Capitolo di libro
Lingua:slovacco
Soggetti:
Tags: Aggiungi Tag
Nessun Tag, puoi essere il primo ad aggiungerne!!

MARC

LEADER 00000naa a2200000 4500
001 0281924
005 20220217083549.5
041 0 |a slo 
044 |a SK 
245 1 0 |a Vysoké školy v Pláne obnovy a odolnosti  |c Viktória Bobáková 
520 |a Plán obnovy a odolnosti ako spoločná reakcia krajín EÚ na negatívne ekonomické a sociálne dôsledky pandémie Covid -19. Rôzne prekážky a problémy pri implemetnácii projektu v rámci VŠ v SR. Výzva pre zavedenie systému periodického hodnotenia VŠ. Poukázanie na potrebu internacionalizácie. 
610 2 0 |a školy vysoké 
610 2 0 |a javy sociálne 
610 2 0 |a javy ekonomické 
610 2 0 |a koronavírus 
610 2 0 |a systémy riadenia 
610 2 0 |a internacionalizácia 
100 1 |a Bobáková, Viktória